Geben Sie die Anzahl der angeforderten Nullen ein - Statistiken

Allgemein
  • Dieses Quiz wurde 36 mal gespielt
  • Das Durchschnittsergebnis liegt bei 14 aus 15
Antwortstatistiken
Hint Antwort % Korrekt
16 0000000000000000 1
100%
10 0000000000 2
97%
8 00000000 5
94%
3 + 3 000000 4
94%
4 0000 6
94%
1 0 7
94%
7 + 9 0000000000000000 3
91%
12 000000000000 8
91%
18 000000000000000000 9
88%
9 000000000 10
88%
17 - 9 00000000 11
88%
2 00 12
88%
20 00000000000000000000 13
85%
11 + 11 0000000000000000000000 14
82%
25 0000000000000000000000000 15
79%
Keine übereinstimmenden Quizze gefunden
Verteilung der Resultate
Anzahl Personen mit jedem Resultat
Perzentil nach korrekt beantworteten Fragen
Ihre Resultats-Entwicklung
Sie haben dieses Quiz noch nicht gespielt